Operations and supply chain management

Αποθηκεύτηκε σε:
Λεπτομέρειες βιβλιογραφικής εγγραφής
Κύριος συγγραφέας: Jacobs, F. Robert
Άλλοι συγγραφείς: Chase, Richard B.
Μορφή: Βιβλίο
Γλώσσα:English
Δημοσίευση: Berkshire : McGraw-Hill, c2014
Έκδοση:14th global ed.
Σειρά:Irwin/McGraw-Hill series in operations and decision sciences
Θέματα:
Ετικέτες: Προσθήκη ετικέτας
Δεν υπάρχουν, Καταχωρήστε ετικέτα πρώτοι!

MARC

LEADER 00000nam a2200000 i 4500
001 1/59755
008 141112s2014 eng d
020 |a 978-0-771-5162-1 (pbk.) 
035 |l 10119753 
040 |a GR-MY-UA  |b gre  |e aacr 
041 0 |a eng 
082 0 |a 658.5  |2 (23) 
100 1 |a Jacobs, F. Robert. 
245 1 0 |a Operations and supply chain management /  |c F. Robert Jacobs, Richard B. Chase 
250 |a 14th global ed. 
260 |a Berkshire :   |b McGraw-Hill,   |c c2014 
300 |a xxxv, 762 σ.;  |b έγχρ. εικ., πίν.;  |c 28 εκ. 
490 1 |a Irwin/McGraw-Hill series in operations and decision sciences 
504 |a Περιλαμβάνει βιβλιογραφικές παραπομπές και ευρετήριο 
650 0 0 |a Production management. 
700 1 |a Chase, Richard B. 
830 0 |a Irwin/McGraw-Hill series in operations and decision sciences 
852 |a INST  |b CHIOS  |e 20141112  |h 658.5 JAC  |p 005200035848  |q 005200035848  |t BK  |y 0 
901 |a BIBL2-2014-3 
909 |a Χ  |b 189155 
922 |a 2ΕΛΗ  |b 201405  |c ΤΑΚ/ΤΔΕ  |d ΔΡΕΣ 
970 |a ΣΠΕΝΤΖΑ  |b ΕΛΕΝΗ  |z 2014/11/12